000 00440nam a22001817a 4500
001 00028730
005 20260408092443.0
008 260408b ag ||||| |||| 00| 0 spa d
020 _a845993442
040 _bspa
_cAR-CcCEOS
080 _a94(82)
090 _bPAI
245 _aMi pais :
_bLa Argentina
260 _aArgentina :
_bCases i Associats,
_cc1995.
300 _a463 p. ;
_c32x25 cm.
650 0 _ahistoria
942 _2udc
_cBK
999 _c28765
_d28765
945 _a66467
_bMelina Rolando
_c66467
_dMelina Rolando